000 00880cam a22002773a 4500
001 31497
003 PGUSA
005 20140828083700.0
008 100304s2010||||xxu|||||s|||||000 1 eng d
040 _aPGUSA
_beng
042 _adc
050 4 _aPR
100 1 _aBone, David W.
_q(David William),
_d1874-1959
245 1 4 _aThe Brassbounder :
_bA Tale of the Sea
_h[electronic resource] /
_cDavid W. Bone
260 _bProject Gutenberg,
_c2010
506 _aPublic domain in the USA.
516 _aElectronic text
653 _aMerchant mariners -- Great Britain -- Social life and customs -- Fiction
653 _aSea stories
653 _aVoyages and travels -- Fiction
653 _aSeafaring life -- Great Britain -- Fiction
653 _aAdventure stories
830 0 _aProject Gutenberg
_v31497
856 4 0 _uhttp://www.gutenberg.org/ebooks/31497
942 _cEB
999 _c260752
_d260752